100 Biggest Cities of Finland on a Map - Statistics

General Stats
  • This quiz has been taken 4,242 times
  • The average score is 42 of 100
Answers on the Map
Answers color-coded by a green-red scale on the quiz's map according to % correct below.
 
Answer Stats
Population City % Correct
674,500 Helsinki [Helsingfors]
99%
214,633 Oulu (Haukipudas/Kiiminki/Oulunsalo/Yli-Ii)
94%
255,050 Tampere
94%
201,863 Turku [Åbo]
93%
314,024 Espoo [Esbo]
91%
65,286 Rovaniemi
88%
247,443 Vantaa [Vanda]
86%
147,746 Jyväskylä
82%
68,956 Vaasa [Vasa] (Vähäkyrö)
81%
120,693 Lahti (Nastola)
77%
124,021 Kuopio (Juankoski/Maaninka/Nilsiä)
76%
83,106 Pori (Lavia)
76%
78,062 Joensuu
72%
72,988 Lappeenranta
69%
50,500 Kotka
68%
78,880 Kouvola
66%
68,319 Hämeenlinna
63%
51,919 Mikkeli (Ristiina/Suomenniemi)
63%
21,018 Tornio
63%
51,289 Porvoo [Borgå]
62%
19,371 Kemi
61%
66,160 Seinäjoki
61%
48,295 Kokkola [Karleby]
59%
38,832 Rauma
57%
9,766 Ii
55%
15,019 Kuusamo
54%
36,513 Kajaani
53%
51,100 Salo
53%
24,919 Imatra
51%
35,647 Nokia
50%
46,490 Järvenpää
47%
19,999 Naantali
47%
31,843 Savonlinna (Kerimäki/Punkaharju)
47%
19,534 Hamina
46%
38,211 Kerava
45%
46,901 Hyvinkää
44%
41,154 Kirkkonummi [Kyrkslätt]
43%
45,645 Lohja [Lojo] (Karjalohja/Nummi-Pusula)
43%
28,483 Riihimäki
41%
19,475 Jakobstad [Pietarsaari]
39%
10,270 Kauniainen [Grankulla]
39%
14,938 Uusikaupunki
39%
20,618 Iisalmi
37%
23,797 Raahe (Vihanti)
37%
16,469 Forssa
36%
12,372 Kalajoki
36%
24,711 Lempäälä
36%
14,458 Loviisa [Lovisa]
36%
19,514 Kempele
35%
25,331 Raisio
35%
36,339 Kaarina
34%
22,595 Sipoo [Sibbo]
34%
41,338 Tuusula
34%
19,182 Jämsä
33%
11,812 Mariehamn
33%
44,785 Nurmijärvi
33%
14,024 Lapua
32%
19,727 Varkaus
32%
21,290 Siilinjärvi
31%
20,694 Valkeakoski
31%
15,369 Ylivieska
31%
33,677 Ylöjärvi
31%
17,953 Heinola
30%
33,473 Kangasala
30%
20,957 Mäntsälä
30%
10,228 Lieksa
28%
20,763 Pirkkala
28%
10,274 Sotkamo
28%
28,811 Vihti
28%
15,669 Orimattila
27%
17,971 Äänekoski
26%
27,209 Raseborg [Raasepori]
26%
15,165 Kauhava
25%
10,256 Liminka
25%
23,515 Sastamala (Kiikoinen)
25%
16,405 Akaa
24%
9,689 Kitee (Kesälahti)
24%
15,420 Loimaa
24%
17,050 Pieksämäki
24%
22,885 Hollola (Hämeenkoski)
23%
12,618 Kauhajoki
23%
14,999 Pargas [Parainen]
23%
11,184 Eura
22%
19,759 Kurikka (Jalasjärvi)
22%
20,637 Lieto (Tarvasjoki)
22%
10,551 Muurame
21%
11,236 Paimio
21%
12,533 Ulvila
21%
10,933 Alavus (Töysä)
20%
12,343 Ilmajoki
20%
12,394 Kankaanpää (Honkajoki)
20%
19,763 Korsholm [Mustasaari]
20%
18,762 Laukaa
20%
9,646 Huittinen
19%
15,136 Kontiolahti
19%
10,454 Nivala
19%
10,319 Hämeenkyrö
18%
11,969 Liperi
17%
16,123 Janakkala
15%
11,225 Pedersöre [Pedersören kunta]
15%
No matching quizzes found
Score Distribution
Percent of People with Each Score
Percentile by Number Answered
Your Score History
You have not taken this quiz